00482nam a22001577a 450000500170000000800410001702000290005804100130008708200150010010000130011524500810012825000190020926000370022830000330026565000260029820240212071719.0240212b |||||||| |||| 00| 0 eng d a040601020 X ; 0406010765 aEnglish  a347.7 ATK  lEnglish  aAtkin's Encyclopedia of Court Forms in Civil Proceedings :bConsumer Credit  aSecond Edition aLondon : bButterworths, c1981  bxxiii, 220 pages ; c26 cm.  aLegal practice bLaw